Revolutionary Acts (Record no. 19427)
[ view plain ]
| 000 -LEADER | |
|---|---|
| fixed length control field | 00521nam a2200121Ia 4500 |
| 008 - FIXED-LENGTH DATA ELEMENTS--GENERAL INFORMATION | |
| fixed length control field | 220616s9999||||xx |||||||||||||| ||und|| |
| 100 ## - MAIN ENTRY--PERSONAL NAME | |
| Personal name | Mally, Lynn |
| 245 #0 - TITLE STATEMENT | |
| Title | Revolutionary Acts |
| Remainder of title | Amateur Theater and the Soviet State, 1917-1938 |
| 546 ## - LANGUAGE NOTE | |
| Language note | English[eng] |
| 650 ## - SUBJECT ADDED ENTRY--TOPICAL TERM | |
| Topical term or geographic name entry element | theatre||socialist realism||amateur theatre||agitprop||Russian revolution||Soviet Union||Leningrad Theatre of Working Class Youth |
| 856 ## - ELECTRONIC LOCATION AND ACCESS | |
| Uniform Resource Identifier | <a href="http://d3p9z3cj392tgc.cloudfront.net/wp-content/uploads/2016/08/22125721/9781501707209.pdf">http://d3p9z3cj392tgc.cloudfront.net/wp-content/uploads/2016/08/22125721/9781501707209.pdf</a> |
| 942 ## - ADDED ENTRY ELEMENTS (KOHA) | |
| Koha item type | E-Books |
| Withdrawn status | Lost status | Damaged status | Not for loan | Home library | Current library | Date acquired | Total Checkouts | Date last seen | Price effective from | Koha item type |
|---|---|---|---|---|---|---|---|---|---|---|
| Kerala University of Digital Sciences, Innovation and Technology Knowledge Centre | Kerala University of Digital Sciences, Innovation and Technology Knowledge Centre | 16/06/2022 | 16/06/2022 | 16/06/2022 | E-Books |